000 01027nam a2200301 i 4500
001 000039192
003 DO-SdBNP
005 20240705134847.0
007 ta
008 130607s2013 dr 000 0 spa d
040 _aDO-SdBNP
_bspa
_cBNPHU
_erda
082 4 _a923.27293
_bD812k 2013
_222
100 1 _aKury, Farid,
_d1962-
_933990
245 1 0 _aJuan Pablo Duarte :
_bel apóstol /
_cFarid Kuri.
250 _aSegunda edición
264 _aSanto Domingo :
_bCentenario,
_c©2013.
300 _a96 páginas ;
_c22 cm.
336 _2rdacontent
_atexto
_btxt
337 _2rdamedia
_asin mediación
_bn
338 _2rdacarrier
_avolumen
_bnc
500 _aIncluye datos biográficos del autor en la solapa de la cubierta
590 _aInventariado, 2024/MFF
600 1 4 _aDuarte, Juan Pablo,
_d1813-1876.
_91494
650 4 _aEstadistas
_zRepública Dominicana
_vBiografías
_945404
651 _aRepública Dominicana
_xHistoria
_y1844-1930.
_91009
910 _aValidado. Control de calidad MFF
942 _2ddc
_cLBS1
999 _c38682
_d38682